Properties and structure of polymers ./ (Record no. 112383)
[ view plain ]
| 000 -LEADER | |
|---|---|
| fixed length control field | 00485nam a22001697a 4500 |
| 003 - CONTROL NUMBER IDENTIFIER | |
| control field | BD-ChCU |
| 005 - DATE AND TIME OF LATEST TRANSACTION | |
| control field | 20260423124252.0 |
| 008 - FIXED-LENGTH DATA ELEMENTS--GENERAL INFORMATION | |
| fixed length control field | 260423b bg ||||| |||| 00| 0 ben d |
| 040 ## - CATALOGING SOURCE | |
| Transcribing agency | BD-ChCU |
| 082 ## - DEWEY DECIMAL CLASSIFICATION NUMBER | |
| Classification number | 547.84 TOP |
| 100 ## - MAIN ENTRY--PERSONAL NAME | |
| Personal name | Tobolsky , Arthur V. |
| 9 (RLIN) | 21841 |
| 245 ## - TITLE STATEMENT | |
| Title | Properties and structure of polymers ./ |
| Statement of responsibility, etc. | Arthur V. Tobolsky . |
| 260 ## - PUBLICATION, DISTRIBUTION, ETC. | |
| Place of publication, distribution, etc. | Princeton . |
| Name of publisher, distributor, etc. | Wiley , |
| Date of publication, distribution, etc. | C 1960 |
| 300 ## - PHYSICAL DESCRIPTION | |
| Extent | ix , 331p. |
| 650 #0 - SUBJECT ADDED ENTRY--TOPICAL TERM | |
| Topical term or geographic name entry element | Polymers and polymers Action . |
| 9 (RLIN) | 21844 |
| 942 ## - ADDED ENTRY ELEMENTS (KOHA) | |
| Source of classification or shelving scheme | Dewey Decimal Classification |
| Koha item type | Books |
| Suppress in OPAC | No |
| Withdrawn status | Lost status | Source of classification or shelving scheme | Damaged status | Not for loan | Home library | Current library | Shelving location | Date acquired | Source of acquisition | Total Checkouts | Full call number | Barcode | Date last seen | Copy number | Price effective from | Koha item type |
|---|---|---|---|---|---|---|---|---|---|---|---|---|---|---|---|---|
| Dewey Decimal Classification | Chittagong University Library | Chittagong University Library | Science Reading Room | 04/23/2026 | Purchase | 547.84 TOP | 48916 | 04/23/2026 | C-1 | 04/23/2026 | Books |